ARRUPE JESUIT UNIVERSITY

CORONAVIRUS -STOP THE SPREAD - CLEAN,DISINFECT,COVER

African urban experiences in colonial Zimbabwe (Record no. 6240)

MARC details
000 -LEADER
fixed length control field 00768nam a2200229Ia 4500
003 - CONTROL NUMBER IDENTIFIER
control field 0100
008 - FIXED-LENGTH DATA ELEMENTS--GENERAL INFORMATION
fixed length control field 130227s9999 xx 000 0 und d
020 ## - INTERNATIONAL STANDARD BOOK NUMBER
International Standard Book Number 1779220545
040 ## - CATALOGING SOURCE
Transcribing agency ARRUPELIB
050 ## - LIBRARY OF CONGRESS CALL NUMBER
Classification number DT3022.Y66
100 ## - MAIN ENTRY--PERSONAL NAME
Personal name Yoshikuni, Tsuneo
9 (RLIN) 27953
245 ## - TITLE STATEMENT
Title African urban experiences in colonial Zimbabwe
245 ## - TITLE STATEMENT
Remainder of title a social history of Harare before the mid -- 20th century
260 ## - PUBLICATION, DISTRIBUTION, ETC. (IMPRINT)
Place of publication, distribution, etc Tokyo
260 ## - PUBLICATION, DISTRIBUTION, ETC. (IMPRINT)
Name of publisher, distributor, etc Tsuneo Yoshikini Papers Publishing Group
300 ## - PHYSICAL DESCRIPTION
Extent 136p.
300 ## - PHYSICAL DESCRIPTION
Other physical details 23 cm
650 ## - SUBJECT ADDED ENTRY--TOPICAL TERM
Topical term following geographic name as entry element Segregation
General subdivision History
Chronological subdivision 20th Century
Geographic subdivision Zimbabwe, Harare
9 (RLIN) 27954
650 ## - SUBJECT ADDED ENTRY--TOPICAL TERM
Topical term following geographic name as entry element Migrant labor
General subdivision History
Chronological subdivision 20th Century
Geographic subdivision Zimbabwe, Harare
9 (RLIN) 27955
650 ## - SUBJECT ADDED ENTRY--TOPICAL TERM
Topical term following geographic name as entry element Harare (Zimbabwe)
General subdivision Social conditions
Chronological subdivision 20th Century
9 (RLIN) 27956
942 ## - ADDED ENTRY ELEMENTS (KOHA)
Source of classification or shelving scheme Library of Congress Classification
Item type Monograph ( Printed materials)
Holdings
Withdrawn status Lost status Source of classification or shelving scheme Damaged status Not for loan Collection code Home library Current library Shelving location Date acquired Total Checkouts Full call number Barcode Date last seen Copy number Price effective from Koha item type
    Library of Congress Classification     Main Collection ARRUPE LIBRARY ARRUPE LIBRARY   27/02/2013   DT3022.Y66 46408293 07/12/2017 1 27/02/2013 Monograph ( Printed materials)
    Library of Congress Classification     Main Collection ARRUPE LIBRARY ARRUPE LIBRARY   05/03/2013   HN802.H3 Y67 2007 46500020876 30/04/2018 2 05/03/2013 Monograph ( Printed materials)

 

Arrupe Library. PO Box MP320 Mt Pleasant, Harare, Zimbabwe
263 242 745411|librarian@aju.ac.zw